| 000 | 00983nam a22002297a 4500 | ||
|---|---|---|---|
| 999 |
_c102491 _d102491 |
||
| 005 | 20230710151513.0 | ||
| 010 | _a1617EN ENG-118747 ENG-137339 | ||
| 020 |
_a9788183822756 _c395.00 |
||
| 035 | _aB-648541-556 EN-120871 | ||
| 035 | _aB-664760 | ||
| 035 | _aEN-102279 | ||
| 037 |
_adpl _bStar |
||
| 082 | _a342.029 | ||
| 100 | _aJohari, J.C. | ||
| 245 |
_aSelect world constitutions / _cby J.C. Johari |
||
| 260 |
_aNew Delhi _bLotus Press _c2016 _c2015 |
||
| 270 |
_a4735/22, Prakash Deep Building, Ansari Road, Darya Ganj, _bNew Delhi _e110002 |
||
| 300 |
_avxi,840p. _c21cm(pbk) |
||
| 942 |
_2ddc _cEN _mJOH _h342.029 |
||